000 01380nam a2200253 i 4500
003 DO-SdBNP
005 20230503153838.0
006 a||||fr|||| 00| 0
007 ta
008 230503e2014 dr adocfr|||| 001 0 spa d
040 _aDO-SdBNP
_bspa
_cBNPHU
_erda
082 4 _222
_bI43ges
245 0 0 _aInforme gestión anual 2014:
_bIniciativas reales vidas sostenibles. /
_cFotografía, Luis Nova y Gustavo Arbona
264 3 0 _aSanto Domingo :
_bBanco Popular Dominicano, S. A.,
_c2014
300 _a219 páginas :
_bilustraciones, gráficas, fotografías, retratos ;
_c29 cm.
336 _2rdaconten
_atexto
_btext
337 _2rdamedia
_asin medición
_bn
338 _2rdacarrier
_avolumen
_bnc
505 _avolumen
_tCarta del Presidente.--
_tInforme del Consejo de Administración.--
_tFiliales del Grupo Popular, S. A. Principales logros en 2014.--
_tRelevo Generacional.--
_tAdiós a Pedro A. Rodríguez y J. Armando Bermúdez.--
_tIniciativas reales, vidas sostenibles.--
_tEducación y oportunidad.--
_tInnovación y calidad de vida.--
_tInclusión y desarrollo.--
_tApoyo empresarial y social.--
_tSostenibilidad energética y medioambiental.--
_tProyección de la identidad nacional.--
_tEstados financieros.--
_tDirectorios.
590 _aInventariado 2023 / MF
700 1 _aNova, Luis
_efotografía
_936995
700 1 _aArbona, Gustavo
_efotografía
_983320
942 _2ddc
_cLBS1
999 _c53410
_d53410